[Event "Beacon Seniors op"]
[Site "Exmouth"]
[Date "2006.11.13"]
[Round "1"]
[White "Taylor, Michael AJ"]
[Black "Davies, Wreford G"]
[Result "1-0"]
[WhiteElo "1704"]
[BlackElo "1384"]
[PlyCount "93"]
[EventDate "2006.11.13"]
[EventType "swiss"]
[EventRounds "5"]
[EventCountry "ENG"]
[SourceTitle "EXT 2008"]
[Source "ChessBase"]
[SourceDate "2007.11.25"]
[SourceVersion "1"]
[SourceVersionDate "2007.11.25"]
[SourceQuality "1"]

1. Nf3 d5 2. g3 Bf5 3. d3 e6 4. Bg2 Bd6 5. Nbd2 Nf6 6. 0-0 0-0 7. Qe1 Nbd7 8. e4 dxe4 9. dxe4 Bg6 10. e5 Bxc2 11. exd6 Bd3 12. dxc7 Qxc7 13. Nb3 Bxf1 14. Bxf1 Rac8 15. Be3 a6 16. Rc1 Qb8 17. Bd4 Rfd8 18. Ne5 Rxc1 19. Nxc1 Nd5 20. Nxd7 Rxd7 21. Qe5 Qxe5 22. Bxe5 f6 23. Bc3 Nxc3 24. bxc3 Rd1 25. Nb3 e5 26. Nc5 Rb1 27. Kg2 a5 28. a4 g6 29. Bb5 b6 30. Nd7 Rxb5 31. axb5 a4 32. Nxf6+ Kf7 33. Ne4 Ke6 34. c4 a3 35. Nc3 Kd6 36. Ne4+ Kc7 37. Nd2 e4 38. Kf1 Kd6 39. Nb3 a2 40. Ke2 a1Q 41. Nxa1 Kc5 42. Ke3 Kxc4 43. Nc2 Kxb5 44. Kxe4 Kc4 45. f4 b5 46. g4 b4 47. Nxb4 1-0

[Event "Beacon Seniors op 60+"]
[Site "Exmouth"]
[Date "2005.11.16"]
[Round "3"]
[White "Carrick, Peter"]
[Black "Davies, Wreford G"]
[Result "0-1"]
[WhiteElo "1256"]
[BlackElo "1408"]
[PlyCount "88"]
[EventDate "2005.11.14"]
[EventType "swiss"]
[EventRounds "5"]
[EventCountry "ENG"]
[SourceTitle "EXT 2007"]
[Source "ChessBase"]
[SourceDate "2006.11.23"]
[SourceVersion "1"]
[SourceVersionDate "2006.11.23"]
[SourceQuality "1"]

1. d4 d5 2. c4 e5 3. dxe5 d4 4. e3 Bb4+ 5. Ke2 c5 6. h3 Nc6 7. Nf3 Bf5 8. Bd2 Qa5 9. Bxb4 Qxb4 10. Qd2 0-0-0 11. Qxb4 Nxb4 12. a3 Nd3 13. b4 b6 14. Nbd2 Ne7 15. g3 Nb2 16. Ke1 Rhe8 17. Ra2 Na4 18. e4 Nc3 19. Ra1 Nxe4 20. Nxe4 Bxe4 21. Bg2 Ng6 22. Rg1 Nxe5 23. Nxe5 Rxe5 24. Bxe4 Rxe4+ 25. Kd2 d3 26. Rac1 Re2+ 27. Kd1 Rxf2 28. Rc3 g6 29. g4 f5 30. gxf5 Rxf5 31. Rb3 Rf3 32. h4 Rf4 33. h5 gxh5 34. Rg2 Rxc4 35. Rg7 d2 36. Rb1 Rcd4 37. Rg1 c4 38. Rb2 c3 39. Rc2 Rc4 40. Rg7 Re8 41. Rg1 h4 42. Rh1 h3 43. Rf1 h2 44. Rh1 Re1+ 0-1